| 000 | 00526nam a2200193 a 4500 | ||
|---|---|---|---|
| 001 | 1769939801901 | ||
| 003 | YourLibrary | ||
| 005 | 20260201163728.0 | ||
| 008 | 260201s2002##################000#0#eng## | ||
| 020 | _a9780521890885 | ||
| 082 | 0 | 4 |
_a305.0941 _bHOU |
| 100 | 1 |
_aHouston, R. A., _eauthor. |
|
| 245 | 1 | 0 | _aScottish Literacy and the Scottish Identity : |
| 260 |
_bCambridge University Press, _c2002. |
||
| 300 | _a340 pages | ||
| 650 | 0 | _aEducation. | |
| 942 | _cENGLISH | ||
| 040 |
_aYourLibrary _beng _cYourLibrary |
||
| 999 |
_c609714 _d609714 |
||